banner koha

Custos de producao e coeficientes insumo-produto de pecuaria de corte no Rio Grande do Sul [Brasil] (Registro n. 269779)

MARC details
000 -LÍDER
campo de controle de tamanho fixo 01174nac a22003257a 4500
001 - NÚMERO DE CONTROLE
campo de controle BR7906468
003 - IDENTIFICADOR DO NÚMERO DE CONTROLE
campo de controle BR-BrBNA
005 - DATA E HORÁRIO DA ÚLTIMA TRANSAÇÃO
campo de controle 20240105114519.0
008 - CAMPO DE DADOS FIXOS--INFORMAÇÃO GERAL
campo de controle de tamanho fixo 230509b bl.|||m| |||| 00| 0 por d
040 ## - FONTE DA CATALOGAÇÃO
Instituição da catalogação original BR-BrBNA
Idioma da catalogação por
Instituição que transcreveu o registro Biblioteca Nacional de Agricultura
072 ## - CÓDIGO DE CATEGORIA DE ASSUNTO
Código de Categoria de Assunto E15; L00
090 ## - NÚMERO DE CHAMADA LOCAL
Número de chamada 5213 BR7906468
100 1# - ENTRADA PRINCIPAL--NOME PESSOAL
Nome pessoal Grawunder, A.F.
100 1# - ENTRADA PRINCIPAL--NOME PESSOAL
Nome pessoal Mielitz Netto, C.G.A.
100 1# - ENTRADA PRINCIPAL--NOME PESSOAL
Nome pessoal Lauzer, E.A.
100 1# - ENTRADA PRINCIPAL--NOME PESSOAL
Nome pessoal Souza, E. de M.
110 1# - ENTRADA PRINCIPAL--NOME CORPORATIVO
Nome corporativo ou nome da jurisdição Universidade Federal do Rio Grande do Sul, Porto Alegre (Brasil). Centro de Estudos e Pesquisas Economicas
245 1# - TÍTULO
Título Custos de producao e coeficientes insumo-produto de pecuaria de corte no Rio Grande do Sul [Brasil]
260 3# - PUBLICAÇÃO, DISTRIBUIÇÃO, ETC.
Local de publicação, distribuição, etc. Porto Alegre, RS (Brasil):
Data da publicação, distribuição, etc. 1979.
300 ## - DESCRIÇÃO FÍSICA
Extensão 38 p.
490 ## - TÍTULO DA SÉRIE
Título da série Estudos e Trabalhos Mimeografados - Universidade Federal do Rio Grande do Sul. Centro de Estudos e Pesquisas Economicas (Brazil)
Número do volume ou designação sequencial da série no. 36
ISSN - International Standard Serial Number
500 ## - NOTA GERAL
Nota geral 7 tables; 35 ref.
650 ## - ASSUNTO--TERMO TÓPICO
Cabeçalho tópico ou nome geográfico GADO DE CORTE
650 ## - ASSUNTO--TERMO TÓPICO
Cabeçalho tópico ou nome geográfico CUSTO DE PRODUCAO
650 ## - ASSUNTO--TERMO TÓPICO
Cabeçalho tópico ou nome geográfico INSUMO
650 ## - ASSUNTO--TERMO TÓPICO
Cabeçalho tópico ou nome geográfico ECONOMIA DA PRODUCAO
650 ## - ASSUNTO--TERMO TÓPICO
Cabeçalho tópico ou nome geográfico RIO GRANDE DO SUL
909 ## -
-- 202312
-- Lúcia Elande
-- 55
-- Lúcia Elande
942 ## - ELEMENTOS DE ENTRADA ADICIONADOS (KOHA)
Fonte da classificação ou esquema de arquivamento na estante Classificação AGRIS
Ocultar no OPAC Não
Tipo de material Koha Monografia Seriada
Exemplares
Situação do descarte Fonte da classificação ou esquema de arquivamento na estante Situação física Não pode ser emprestado Coleção Biblioteca de origem Biblioteca atual Localização na estante Total de empréstimos Número de telefone completo Código de barras Data de último acesso Tipo de material Koha Fonte de aquisição
  Classificação AGRIS       Biblioteca Nacional de Agricultura - Binagri Biblioteca Nacional de Agricultura - Binagri Agrobase - Acervo Geral   5213 BR7906468 5213 BR7906468 18/12/2023 Monografia Seriada Portaria Interministerial nº 164/94

BINAGRI

Telefone: (61)3218-2567/2388/3357/2097 - binagri@agro.gov.br

Ministério da Agricultura e Pecuária , Esplanada dos Ministérios, Bloco D, Anexo B, Brasília/DF, CEP: 70.043-900